000 00891nmc a2200301 a 4500
003 AR-BaBNM
005 20251128210927.0
008 011120s1994 ||||||||||||||000 | spa||
020 _a950-05-0779-X
040 _cAR-BaBNM
100 1 _aGutiérrez, Juan María
_d1809-1878
245 1 0 _aCartas de un porteño
_bpolémica en torno al idioma y a la Real Academia Española, sostenida con Juan María Villergas
260 _aBuenos Aires
_bEdiciones Corregidor
_c1994
300 0 _a159 p.
490 0 _aIdentidad nacional
_vv. 59
650 4 _aLITERATURA ARGENTINA
650 4 _aHISTORIA ARGENTINA
650 4 _aESCRITORES
650 4 _aUSO LINGUISTICO
650 4 _aLINGUISTICA
650 4 _aSIGLO DIECINUEVE
650 4 _aFILOLOGIA
653 0 _aPOLEMICAS LITERARIAS
655 _aLITERATURA
700 1 _aPino, Diego del
_eprologuista
942 _cBK
998 _cMARTIN
999 _c17492
_d17492